000 00689nam a2200289Ia 4500
005 20260324142024.0
008 008 260324s9999 xx 000 0 eng d
020 _a9781315070681
037 _aEBOOK
040 _aCRL
040 _beng
040 _cCRL
041 _2eng
041 _aeng
084 _qCRL
100 _aOlof Johansson; David Maddison; David Pearce
_91210392
245 0 _aBlueprint 5
245 0 _bTrue Costs of Road Transport
260 _bTaylor and Francis
260 _c1996
365 _a
365 _b300
856 _uhttp://www.taylorfrancis.com/books/9781315070681
942 _cEBOOK
999 _c1814115
_d1814115